[Event "Cesenatico op 9th"]
[Site "Cesenatico"]
[Date "2004.09.08"]
[Round "5"]
[White "Terbonati, Paolo"]
[Black "Bernardini, Luca"]
[Result "1-0"]
[WhiteElo "1931"]
[BlackElo "1760"]
[PlyCount "167"]
[EventDate "2004.09.04"]
[EventType "swiss"]
[EventRounds "9"]
[EventCountry "ITA"]
[SourceTitle "EXT 2007"]
[Source "ChessBase"]
[SourceDate "2006.11.23"]
[SourceVersion "1"]
[SourceVersionDate "2006.11.23"]
[SourceQuality "1"]

1. c4 e5 2. Nc3 Nc6 3. g3 f5 4. Bg2 Nf6 5. e3 Bc5 6. Nge2 0-0 7. 0-0 d6 8. d4 Bb4 9. Nd5 Ng4 10. a3 f4 11. exf4 exf4 12. Nexf4 Be1 13. Qxe1 Nxd4 14. Qe7 Bf5 15. Qxd8 Raxd8 16. Ne7+ Kh8 17. Nxf5 Rxf5 18. b4 g5 19. Bb2 gxf4 20. Bxd4+ Kg8 21. Bd5+ Kf8 22. Be6 Rg5 23. Bxg4 Rxg4 24. h3 Rg6 25. Kh2 fxg3+ 26. fxg3+ Kg8 27. Rf5 Re8 28. Raf1 h6 29. R1f2 b6 30. Rf7 c5 31. Bc3 Ra8 32. R7f6 Rxf6 33. Rxf6 Re8 34. Rxd6 Re2+ 35. Kh1 Re3 36. Bd2 Rxg3 37. bxc5 bxc5 38. Ra6 Rxh3+ 39. Kg2 Rh4 40. Bxh6 Rxc4 41. Rxa7 Rc2+ 42. Kf1 c4 43. Ke1 Rh2 44. Bd2 Kf8 45. Kd1 Ke8 46. Bb4 Kd8 47. Rg7 Rh6 48. Kc2 Rc6 49. Kc3 Kc8 50. Rg3 Kb7 51. Kd4 Kb6 52. Rg5 Rc8 53. Kc3 Ka6 54. Rg7 Kb5 55. Rb7+ Ka6 56. Rg7 Kb5 57. Rg5+ Kb6 58. a4 Ka6 59. Rg6+ Kb7 60. a5 Ka7 61. Be7 Kb7 62. Rb6+ Ka7 63. Bf6 Ka8 64. Bd4 Rc7 65. Ra6+ Kb7 66. Re6 Rc8 67. Bb6 Ka8 68. Re7 Kb8 69. Re5 Kb7 70. Re7+ Kb8 71. Bd4 Ka8 72. Kb4 Kb8 73. Kb5 c3 74. Kb6 Rg8 75. Be5+ Kc8 76. Rc7+ Kd8 77. Bf6+ Ke8 78. Rc8+ Kf7 79. Rxg8 Kxg8 80. Bxc3 Kf7 81. Kb7 Ke6 82. a6 Kd5 83. a7 Kd6 84. a8Q 1-0

[Event "Cesenatico op 9th"]
[Site "Cesenatico"]
[Date "2004.09.04"]
[Round "1"]
[White "Terbonati, Paolo"]
[Black "Molina, Fabrizio"]
[Result "0-1"]
[WhiteElo "1931"]
[BlackElo "2246"]
[PlyCount "56"]
[EventDate "2004.09.04"]
[EventType "swiss"]
[EventRounds "9"]
[EventCountry "ITA"]
[SourceTitle "EXT 2007"]
[Source "ChessBase"]
[SourceDate "2006.11.23"]
[SourceVersion "1"]
[SourceVersionDate "2006.11.23"]
[SourceQuality "1"]

1. c4 c5 2. Nc3 Nc6 3. g3 g6 4. Bg2 Bg7 5. Nf3 e5 6. 0-0 Nge7 7. d3 0-0 8. Ne1 d6 9. Nc2 Be6 10. Ne3 Qd7 11. a3 f5 12. Ned5 Rf7 13. f4 Kh8 14. Rb1 Rc8 15. e4 Rcf8 16. Be3 Nd4 17. Nxe7 Qxe7 18. Nd5 Qd7 19. b4 fxe4 20. Bxe4 Bg4 21. Qd2 exf4 22. gxf4 Bh3 23. Rf2 b6 24. Kh1 Qg4 25. Bg2 Rf5 26. Rg1 Rh5 27. Bxh3 Qxh3 28. Rg3 Qxg3 0-1

[Event "Salsomaggiore Terme op 8th"]
[Site "Salsomaggiore Terme"]
[Date "2004.??.??"]
[Round "5"]
[White "Terbonati, Paolo"]
[Black "Garofalo, Sergio"]
[Result "0-1"]
[WhiteElo "1925"]
[BlackElo "1780"]
[PlyCount "78"]
[EventDate "2004.05.??"]
[EventType "swiss"]
[EventRounds "6"]
[EventCountry "ITA"]
[SourceTitle "EXT 2007"]
[Source "ChessBase"]
[SourceDate "2006.11.23"]
[SourceVersion "1"]
[SourceVersionDate "2006.11.23"]
[SourceQuality "1"]

1. c4 f5 2. Nc3 Nf6 3. g3 e6 4. Bg2 Be7 5. d4 d6 6. e3 0-0 7. Nge2 c6 8. 0-0 Qe8 9. b4 g5 10. d5 e5 11. dxc6 Nxc6 12. Nd5 Qh5 13. Nxf6+ Rxf6 14. Bd5+ Kg7 15. f4 gxf4 16. exf4 Nxb4 17. Bf3 Qe8 18. fxe5 dxe5 19. Bb2 e4 20. Bg2 Nd3 21. Bxf6+ Bxf6 22. Rb1 Qe7 23. Bh3 Qc5+ 24. Kg2 Bd7 25. Rxb7 Qc6 26. Rxd7+ Qxd7 27. Bxf5 Qc6 28. Nf4 e3+ 29. Kh3 Nf2+ 30. Rxf2 exf2 31. Nh5+ Kh8 32. Nxf6 Qxf6 33. g4 Rd8 34. Qe2 Qd4 35. Kg2 Qc3 36. Qc2 Qe1 37. Bd3 Qg1+ 38. Kf3 Rxd3+ 39. Ke4 Qxg4+ 0-1

[Event "Assisi op"]
[Site "Assisi"]
[Date "2003.12.22"]
[Round "4"]
[White "Delizia, Constantino"]
[Black "Terbonati, Paolo"]
[Result "1-0"]
[WhiteElo "2219"]
[BlackElo "1572"]
[PlyCount "55"]
[EventDate "2003.12.20"]
[EventType "swiss"]
[EventRounds "6"]
[EventCountry "ITA"]
[SourceTitle "EXT 2005"]
[Source "ChessBase"]
[SourceDate "2004.11.15"]
[SourceVersion "1"]
[SourceVersionDate "2004.11.15"]
[SourceQuality "1"]

1. e4 c5 2. c3 d6 3. d4 cxd4 4. cxd4 Nf6 5. Nc3 g6 6. Nf3 Bg7 7. h3 0-0 8. Bd3 Be6 9. 0-0 Qe8 10. Qe2 a6 11. a4 h6 12. Be3 Kh7 13. a5 Bd7 14. e5 dxe5 15. dxe5 Ng8 16. Nd5 Bb5 17. Nc7 Qd7 18. Nxb5 axb5 19. Bxb5 Nc6 20. Bb6 Rfc8 21. Rfd1 Qe8 22. Nd2 h5 23. g4 hxg4 24. hxg4 Bh6 25. Nc4 Kg7 26. Qe4 Kf8 27. Ra3 Bg7 28. Rf3 1-0

[Event "Assisi op"]
[Site "Assisi"]
[Date "2003.12.20"]
[Round "1"]
[White "Terbonati, Paolo"]
[Black "Sansonetti, Giorgio"]
[Result "0-1"]
[WhiteElo "1572"]
[BlackElo "2123"]
[PlyCount "82"]
[EventDate "2003.12.20"]
[EventType "swiss"]
[EventRounds "6"]
[EventCountry "ITA"]
[SourceTitle "EXT 2005"]
[Source "ChessBase"]
[SourceDate "2004.11.15"]
[SourceVersion "1"]
[SourceVersionDate "2004.11.15"]
[SourceQuality "1"]

1. c4 e6 2. g3 c5 3. Bg2 Nf6 4. e3 Nc6 5. Ne2 b6 6. d4 Bb7 7. 0-0 Na5 8. Bxb7 Nxb7 9. Nbc3 Be7 10. d5 Nd6 11. dxe6 dxe6 12. b3 Nfe4 13. f3 Nxc3 14. Nxc3 Bf6 15. Bb2 Nf5 16. Qe2 Nxe3 17. Rfe1 Bd4 18. Kh1 0-0 19. Nb5 e5 20. Nxd4 exd4 21. Qd3 Re8 22. Re2 Qc8 23. Rae1 Qc6 24. Rf2 Re6 25. Kg1 Rae8 26. Ree2 h5 27. f4 Ng4 28. Rxe6 Qxe6 29. Rd2 Qe1+ 30. Kg2 Ne3+ 31. Kh3 Nf1 32. Rg2 Qe6+ 33. f5 Qe4 34. Qxe4 Rxe4 35. Rf2 Ne3 36. f6 Ng4 37. Rd2 Nxf6 38. b4 Re3 39. bxc5 bxc5 40. Kh4 g5+ 41. Kh3 Ne4 0-1